Obchodná výmena Slovenskej republiky s krajinami Stredomoria (EUROMED) bakalárska práca

Enregistré dans:
Détails bibliographiques
Auteur principal: Klausmannová, Karin
Collectivité auteur: Obchodná fakulta EU. Katedra medzinárodného obchodu
Autres auteurs: Silná, Zuzana
Format: Livre
Langue:slovaque
Publié: Bratislava 2009
Tags: Ajouter un tag
Pas de tags, Soyez le premier à ajouter un tag!

MARC

LEADER 00000nam$a2200000$$$4500
001 0103461
005 20240318133740.9
041 0 |a slo 
044 |a SK 
245 1 0 |a Obchodná výmena Slovenskej republiky s krajinami Stredomoria (EUROMED)  |b bakalárska práca  |c Karin Klausmannová ; škol. Zuzana Silná 
264 1 |a Bratislava  |c 2009 
300 |a 66 s. 
100 1 |a Klausmannová, Karin 
700 1 |a Silná, Zuzana 
710 2 |a Obchodná fakulta EU. Katedra medzinárodného obchodu